书目信息 |
| 题名: |
公路工程施工质量监理手册
|
|
| 作者: | 熊广忠 主编 | |
| 分册: | ||
| 出版信息: | 北京 知识产权出版社 2003.01 |
|
| 页数: | 779页 | |
| 开本: | 29cm | |
| 丛书名: | ||
| 单 册: | ||
| 中图分类: | TU , U415.1-62 , U415.12-62 | |
| 科图分类: | ||
| 主题词: | 道路工程 | |
| 电子资源: | ||
| ISBN: | 7-80011-724-3 | |
| 000 | 00631nam0 2200205 45 | |
| 001 | 0332504416 | |
| 005 | 20041020090534.95 | |
| 010 | @a7-80011-724-3@dCNY 88.00 | |
| 100 | @a20030329d2003 km y0chiy0120 ea | |
| 101 | 0 | @achi |
| 200 | 1 | @a公路工程施工质量监理手册@Agong lu gong cheng shi gong zhi liang jian li shou ce@f熊广忠主编@Fxiong guang zhong zhu bian |
| 210 | @a北京@c知识产权出版社@d2003.01 | |
| 215 | @a779页@d29cm | |
| 606 | 0 | @a道路工程 |
| 690 | @aTU@v3 | |
| 690 | @aU415.1-62@v4 | |
| 690 | @aU415.12-62@v3 | |
| 701 | 0 | @a熊广忠@Axiong guang zhong@4主编 |
| 801 | 0 | @aCN@bPFT@c20041020 |
| 905 | @a10447@dU415.12-62@eX635 | |
| 公路工程施工质量监理手册/熊广忠主编.-北京:知识产权出版社,2003.01 |
| 779页;29cm |
| ISBN 7-80011-724-3:CNY 88.00 |
| ● |
| 相关链接 |
|
|
|
正题名:公路工程施工质量监理手册
索取号:U415.12-62/X635
 
预约/预借
| 序号 | 登录号 | 条形码 | 馆藏地/架位号 | 状态 | 备注 |
| 1 | 367329 | 203673293 | 自科库501/501自科库 82排2列3层/ [索取号:U415.12-62/X635] | 在馆 | |
| 2 | 421214 | 204212146 | 自科库501/501自科库 52排1列5层/ [索取号:U415.12-62/X635] | 在馆 | |
| 3 | 421215 | 204212155 | 自科库501/501自科库 52排1列5层/ [索取号:U415.12-62/X635] | 在馆 |